Statistics for Oceanian Geography by Letter - S

Click here to take the quiz!

General Stats

  • This quiz has been taken 106 times
  • The average score is 12 of 20

Answer Stats

HintAnswer% Correct
Australia's biggest citySydney
99%
Half of New ZealandSouth Island
91%
Country that was part of
New Zealand until 1962
Samoa
88%
Honiara is its capitalSolomon Islands
85%
Australian stateSouth Australia
83%
Country which controlled Palau
from 1574–1898
Spain
82%
Capital of FijiSuva
80%
Constellation on the flag of PNGSouthern Cross
76%
Australia has 76 million of
this animal
Sheep
65%
Canned meat popular in HawaiiSpam
64%
Sport invented in HawaiiSurfing
57%
New Zealand's longest rangeSouthern Alps
52%
Capital of KiribatiSouth Tarawa
50%
In 2009, Palau created the
first sanctuary to protect
these sea creatures
Sharks
43%
Australian word for ranchStation
42%
Queensland's third biggest citySunshine Coast
35%
Fiji's top cash cropSugarcane
34%
Tahiti's archipelago{Society} Islands
30%
Tallest mountain range in Australia{Snowy} Mountains
25%
New Zealand's third largest island
* common Scottish surname
{Stewart} Island
23%

Score Distribution

Percentile by Number Answered

Percent of People with Each Score

Your Score History

You have not taken this quiz